000 00400nam a2200157Ia 4500
008 191201s2008 xx 000 0 und d
020 _a9788120322851
082 _a004.62
_bCOI
100 _aCOMER, Douglas E
245 0 _aInternetworking with TCP/IP: Design, implementation, and internals
250 _aRep.
260 _aN.Delhi
_bPHI
_c2008
300 _a660
650 _aMCA
942 _2ddc
_cBK
999 _c3764
_d3764